000 00642nas a22001697a 4500
999 _c1201
_d1201
008 130301t19919999sz ||||| |||| 00| 0 eng d
022 _a0020-6563
245 _aInternational Digest of Health Legislation
260 _aGinebra:
_bOrganizacion Mundial de la Salud,
_c1991
300 _av. :
310 _acuatrimestral
546 _aingles
590 _aExistencias: 1991 42(3,4); 1992 43(2-4), 1993 44(1-4); 1994 45(1-4); 1995 46(1-4); 1996 47(1-4); 1997 48(1-4); 1998 49(1-4); 1999 50(1-4) Del año 1991 al 1999 BAJA en DEPÓSITO.
650 _aLEGISLACION SANITARIA
_91925
856 _uhttp://apps.who.int/idhl-rils/
942 _2ddc
_cCR